000
00341nam a2200145Ia 4500
008
230718s9999 xx 000 0 und d
041
_a
Eng.
082
_a
340.52
_b
NAY-I
100
_a
Nayzee 7 Imran Chan
245
0
_a
Islamic law of basing
260
_a
Pakistan
_b
Sweet and Moxual
_c
1857
300
_a
347
650
_a
Law
999
_c
29029
_d
29029